| 000 | 01828nam a22001937a 4500 | ||
|---|---|---|---|
| 003 | IT-RoPau | ||
| 005 | 20220918175936.0 | ||
| 008 | 121128b xxu||||| |||| 00| 0 eng d | ||
| 040 | _cIT-RoPau | ||
| 100 |
_aAlberione Giacomo _qFondatore Famiglia Paolina _919 |
||
| 245 |
_aI Novissimi meditati _binnanzi a Gesù Eucaristico |
||
| 250 | _a1 | ||
| 260 |
_aLido di Ostia - Roma _bPia SSP _c1964 |
||
| 300 |
_a329 p. _c17 cm |
||
| 490 |
_aEdizioni paoline _v1 |
||
| 500 | _aI Novissimi sono per l' uomo verità sempre nuove, stimoli potenti, considerazioni che santificano. | ||
| 520 | _a INDICE Prefazione LA MORTE I - Che cosa sia la morte II - Gesu Modello dei moribondi III - Come prepararsi alla morte IV - Come usare i mezzi di comunicazione sociale V - I distacchi che la morte apporta VI - Mezzi per prepararsi alla morte IL GIUDIZIO PARTICOLARE VII - La presentazione dell' anima VIII - L' esame di coscienza IX - La sentenza dell' anima IL PURGATORIO X - Che cosa sia il Purgatorio XI - Le pene del Purgatorio XII - Doveri verso le anime del Purgatorio IL PARADISO XIII - Che cosa sia il Paradiso XIV - Il Paradiso è gloria XV - In Paradiso contempleremo Dio, sommo vero XVI - In Paradiso contempleremo Dio, Sommo bene XVII - Il Paradiso è gaudio XVIII - La gloria dei Beati XIX - La beata eternità INFERNO XX - L' Inferno XXI - Inferno : pena del senso XXII - Inferno : pena del danno IL GIUDIZIO UNIVERSALE XXIII - Il Giudizio universale XXIV - Fini del Giudizio Conclusione | ||
| 942 |
_2ddc _cBK |
||
| 999 |
_c37582 _d37582 |
||